| 000 | 00599nam a22001937a 4500 | ||
|---|---|---|---|
| 003 | OSt | ||
| 005 | 20150317185330.0 | ||
| 008 | 141217b xxu||||| |||| 00| 0 eng d | ||
| 040 | _cBMC | ||
| 082 | _a808.0687284 | ||
| 100 | 1 |
_aHerrera Velado, Francisco _929470 _d1876-1966 |
|
| 245 | 1 | 0 |
_aAgua de coco _b: (Tradiciones y cuentos) _cFrancisco Herrera Velado |
| 250 | _a[6ª ed.] | ||
| 260 |
_aSan Salvador _bMinisterio de Educación, Dirección de Publicaciones _c[1979] |
||
| 300 |
_a224 p., 2 h. _c18 cm |
||
| 490 |
_aContempáneos _v4 |
||
| 650 | 2 | 4 |
_929639 _aCuentos salvadoreños |
| 942 |
_2ddc _cBK |
||
| 999 |
_c16929 _d16929 |
||